000
00198 a2200097 4500
020
_a
9788484180395
041
_a
spa
100
_a
Takamado no Miya Hisako
245
_a
Luli, el iceberg
942
_c
BK
999
_c
31974
_d
31972